Procesos basicos de manufactura / C. Kazanas (Registro nro. 19725)
[ vista simple ]
| 000 -LÍDER | |
|---|---|
| fixed length control field | 00408nam a2200145 4500 |
| 008 - ELEMENTOS DE LONGITUD FIJA -- INFORMACIÓN GENERAL | |
| fixed length control field | 0 1983 0an 000 0Mex |
| 020 ## - NÚMERO INTERNACIONAL NORMALIZADO PARA LIBROS | |
| ISBN | 968-451-386-6 |
| 050 ## - SIGNATURA TOPOGRAFICA DE LA BIBLIOTECA DEL CONGRESO (LC) | |
| Número de Clasificación | TS183 K134 |
| 082 ## - NUMERO DE CLASIFICACION DECIMAL DEWEY | |
| Número de Clasificación | 670 K143p |
| 100 ## - ASIENTO PRINCIPAL--NOMBRE PERSONAL | |
| Nombre personal | Kazanas, C. |
| 245 ## - TÍTULO | |
| Título | Procesos basicos de manufactura / C. Kazanas |
| 260 ## - PUBLICACIÓN, DISTRIBUCIÓN, ETC. (PIE DE IMPRENTA) | |
| Lugar de publicación, distribución, etc. | Mexico: McGrawHill |
| 300 ## - DESCRIPCIÓN FÍSICA | |
| Extensión | 395p, 27cm |
| 650 ## - ASIENTO SECUNDARIO DE MATERIA - TERMINO TEMÁTICO | |
| Término temático o nombre geográfico como elemento de entrada | 1. MANUFACTURA \ 2. PROCESOS DE MANUFACTURA |
| No. biblioteca | No. biblioteca | Número de clasificación | Código de barras/Número de adquisición | Número de copia | Tipo de material |
|---|---|---|---|---|---|
| LUIS G. INCLAN | LUIS G. INCLAN | 670 K143p | 9255 | 4 | Libros |
| LUIS G. INCLAN | LUIS G. INCLAN | 670 K143p | 10328 | 5 | Libros |
| LUIS G. INCLAN | LUIS G. INCLAN | 670 K143p | 7691 | 11 | Libros |
| LUIS G. INCLAN | LUIS G. INCLAN | 670 K143p | 22390 | 20 | Libros |
